Business policy and strategic management (Record no. 1399)
[ view plain ]
| 000 -LEADER | |
|---|---|
| Fixed length control field | 00497nam a2200181 4500 |
| 003 - CONTROL NUMBER IDENTIFIER | |
| Control field | SEACOMEC |
| 005 - DATE AND TIME OF LATEST TRANSACTION | |
| Control field | 20240709132907.0 |
| 008 - FIXED-LENGTH DATA ELEMENTS--GENERAL INFORMATION | |
| Fixed length control field | 240709b |||||||| |||| 00| 0 eng d |
| 020 ## - INTERNATIONAL STANDARD BOOK NUMBER / ISBN | |
| International Standard Book Number | 8125911634 |
| Price | 200.00 |
| 040 ## - CATALOGING SOURCE | |
| Original cataloging agency | SEACOMEC |
| 082 ## - DEWEY DECIMAL CLASSIFICATION NUMBER | |
| Classification number | 658.402 |
| Book Number | L834 |
| 100 ## - MAIN ENTRY--PERSONAL NAME | |
| Personal name | Lomash, Sukul; |
| 245 ## - TITLE STATEMENT | |
| Title | Business policy and strategic management |
| Statement of responsibility | Sukul; Lomash and P.K. Mishra |
| 260 ## - IMPRINT | |
| Place of publication | New Delhi : Vikas Publishing House: , 2006 |
| 300 ## - PHYSICAL DESCRIPTION | |
| Page / Vol. No | 381p |
| 700 ## - ADDED ENTRY--PERSONAL NAME | |
| Personal name | Mishra, P K |
| 942 ## - ADDED ENTRY ELEMENTS (KOHA) | |
| Koha item type | Books |
| Withdrawn status | Lost status | Source of classification | Damaged status | Not for loan | Home library | Current library | Date acquired | Total Checkouts | Call number | Accession number | Date last seen | Price effective from | Koha item type | Copy number |
|---|---|---|---|---|---|---|---|---|---|---|---|---|---|---|
| Dewey Decimal Classification | SEACOM ENGINEERING COLLEGE | SEACOM ENGINEERING COLLEGE | 20/02/2007 | 658.402 L834 | 6017 | 09/07/2024 | 09/07/2024 | Books | ||||||
| Dewey Decimal Classification | SEACOM ENGINEERING COLLEGE | SEACOM ENGINEERING COLLEGE | 20/02/2007 | 658.402 L834 | 6018 | 09/07/2024 | 09/07/2024 | Books | 1 | |||||
| Dewey Decimal Classification | SEACOM ENGINEERING COLLEGE | SEACOM ENGINEERING COLLEGE | 20/02/2007 | 658.402 L834 | 6019 | 09/07/2024 | 09/07/2024 | Books | 2 |
